<?xml version="1.0" encoding="UTF-8"?>
<record
    xmlns:xsi="http://www.w3.org/2001/XMLSchema-instance"
    xsi:schemaLocation="http://www.loc.gov/MARC21/slim http://www.loc.gov/standards/marcxml/schema/MARC21slim.xsd"
    xmlns="http://www.loc.gov/MARC21/slim">

  <leader>00781nam a22001577a 4500</leader>
  <controlfield tag="008">180706b        xxu||||| |||| 00| 0 eng d</controlfield>
  <datafield tag="082" ind1=" " ind2=" ">
    <subfield code="a">708</subfield>
    <subfield code="b">M339r</subfield>
  </datafield>
  <datafield tag="100" ind1=" " ind2=" ">
    <subfield code="a">Marini, Franca</subfield>
    <subfield code="9">5532</subfield>
  </datafield>
  <datafield tag="110" ind1=" " ind2=" ">
    <subfield code="a">Galer&#xED;a Nacional, San Jos&#xE9;, Costa Rica</subfield>
    <subfield code="9">6476</subfield>
  </datafield>
  <datafield tag="245" ind1=" " ind2=" ">
    <subfield code="a">Reconstrucci&#xF3;n en Rojo: Nuevas Obras</subfield>
  </datafield>
  <datafield tag="260" ind1=" " ind2=" ">
    <subfield code="a">Siena, Italia</subfield>
    <subfield code="b">Il torchio</subfield>
    <subfield code="c">2005</subfield>
  </datafield>
  <datafield tag="300" ind1=" " ind2=" ">
    <subfield code="a">60 p.</subfield>
    <subfield code="b">ill (col).</subfield>
    <subfield code="c">22.5 cm</subfield>
  </datafield>
  <datafield tag="505" ind1=" " ind2=" ">
    <subfield code="t">Nuevas obras de Franca Marini</subfield>
    <subfield code="r">Molina, Dunia</subfield>
    <subfield code="t">Reconstrucci&#xF3;n en rojo Nuevas obras</subfield>
    <subfield code="t">Trabajos sobre papel / bocetos </subfield>
    <subfield code="t">Palabras aladas </subfield>
    <subfield code="r">Bandini, Silvia y Biancotti, Esther</subfield>
    <subfield code="t">Curriculum</subfield>
    <subfield code="t">Italiano / English</subfield>
  </datafield>
  <datafield tag="650" ind1=" " ind2=" ">
    <subfield code="2">Arte contempor&#xE1;neo</subfield>
    <subfield code="x">Arte exhibiciones </subfield>
    <subfield code="x">Arte instalaciones </subfield>
    <subfield code="x">Arte - cat&#xE1;logo de exhibici&#xF3;n</subfield>
    <subfield code="x">Preshisp&#xE1;nico</subfield>
    <subfield code="9">6477</subfield>
  </datafield>
  <datafield tag="700" ind1=" " ind2=" ">
    <subfield code="a">Castell&#xF3;n, Rolando (Curador)</subfield>
    <subfield code="9">6478</subfield>
  </datafield>
  <datafield tag="999" ind1=" " ind2=" ">
    <subfield code="c">1532</subfield>
    <subfield code="d">1532</subfield>
  </datafield>
  <datafield tag="952" ind1=" " ind2=" ">
    <subfield code="0">0</subfield>
    <subfield code="1">0</subfield>
    <subfield code="2">ddc</subfield>
    <subfield code="4">0</subfield>
    <subfield code="7">0</subfield>
    <subfield code="a">LV</subfield>
    <subfield code="b">LV</subfield>
    <subfield code="c">Eventos y Bienales</subfield>
    <subfield code="d">2018-07-06</subfield>
    <subfield code="l">0</subfield>
    <subfield code="o">708 M339r</subfield>
    <subfield code="p">004586</subfield>
    <subfield code="r">2018-07-06 00:00:00</subfield>
    <subfield code="w">2018-07-06</subfield>
    <subfield code="y">01</subfield>
  </datafield>
  <datafield tag="952" ind1=" " ind2=" ">
    <subfield code="0">0</subfield>
    <subfield code="1">0</subfield>
    <subfield code="2">ddc</subfield>
    <subfield code="4">0</subfield>
    <subfield code="7">0</subfield>
    <subfield code="a">LV</subfield>
    <subfield code="b">LV</subfield>
    <subfield code="c">Eventos y Bienales</subfield>
    <subfield code="d">2018-09-13</subfield>
    <subfield code="l">0</subfield>
    <subfield code="o">708 M339r</subfield>
    <subfield code="p">001039</subfield>
    <subfield code="r">2018-09-13 00:00:00</subfield>
    <subfield code="w">2018-09-13</subfield>
    <subfield code="y">01</subfield>
  </datafield>
</record>
